000 00536nam a2200193Ia 4500
003 OSt
005 20230316114255.0
008 210423s2017 xx 000 0 und d
040 _cAL
082 _a823.92
_223
_bAMIS
100 _aAMISH
_975698
245 _aSita: warrior of Mithila Book 2 of the Ram Chandra series
260 _aNew Delhi
_bWestland
_c2017
300 _axix,361
_bPB
365 _b350
_cINR
650 _aEnglish Fiction
_975699
906 _aChandra ; Mithila ; Ram ; series ; Sita: ; warrior
942 _2ddc
_cBK
999 _c168550
_d168550